Johnny Cash - Hurt Lyrics Quiz - Statistics

General Stats
  • This quiz has been taken 266 times
  • The average score is 124 of 162
Answer Stats
Answer % Correct
hurt
99%
I
99%
my
98%
myself
98%
to
98%
a
96%
feel
95%
today
95%
if
94%
see
94%
still
93%
the
93%
it
90%
you
89%
all
88%
have
88%
of
87%
what
83%
in
82%
on
82%
pain
82%
and
81%
away
80%
could
80%
dirt
80%
empire
80%
end
80%
friend
79%
only
79%
thats
79%
thing
79%
will
79%
become
78%
focus
78%
real
78%
goes
77%
make
76%
needle
75%
everyone
74%
know
74%
hole
73%
let
71%
sweetest
71%
down
70%
tears
70%
old
69%
familiar
67%
but
66%
everything
64%
way
62%
would
62%
try
61%
again
57%
kill
57%
find
56%
crown
54%
this
54%
sting
53%
miles
52%
million
52%
start
51%
thorns
51%
wear
51%
keep
46%
upon
46%
am
45%
chair
45%
liars
45%
here
43%
right
42%
are
41%
else
40%
someone
39%
cannot
37%
broken
35%
repair
35%
time
34%
full
33%
thoughts
32%
beneath
29%
disappear
27%
stains
24%
feelings
23%
remeber
9%
one
6%
No matching quizzes found
Score Distribution
Percent of People with Each Score
Percentile by Number Answered
Your Score History
You have not taken this quiz